000 00673nam a2200229 a 4500
005 20210219153037.0
008 991125n 000 0 spa u
035 _aUPN01000074332
100 _aTHOMAS, David J.
222 _aREVISTA DE LA EDUCACION SUPERIOR
245 _aLa educación y el papel de la Universidad en las regiones en desarrollo económico
260 _aMEXICO
300 _a87-101
362 _a1996 Vol. 25(2), No. 98, abr.-jun.
653 0 _aDESARROLLO ECONOMICO
653 0 _aEDUCACION SUPERIOR
653 0 _aPAISES EN DESARROLLO
653 0 _aPOLITICA ECONOMICA
653 0 _aUNIVERSIDADES
904 _aAC
_b012143
905 _aArticulo
999 _c66880
_d66880